000 00854nam0a22002771 4500
001 RU\INFOCOMM_327\NLR\5000069222
005 20250614080202.0
035 _a(NLR Aleph) 010595900
090 _a10519780
_c10519780
100 _a20130321d1967 |||y0rusy50 ca
101 0 _aeng
102 _aRU
105 _ay z||||
200 1 _aPlacenta extract
_eClinical data
_fV/o. "Medexport". Moscow
210 _a[M.]
_cВнешторгиздат
_d[1967]
215 _a24 с.
_d21 см
309 _aОтпеч. множит. аппаратом
320 _aБиблиогр.: с. 20-22
620 _aМосква
686 _aМе5-310(Лечебное применение)
_2rubbk
712 0 2 _a"Medexport", v/o
_4570
801 1 _aRU
_bInfocomm
_c20130321
801 0 _aRU
_bINFOCOMM
_gPSBO
852 _aNLR
_jМд17 Д-4/25
942 _cBOOK
980 _aNB